Sigles de pays acceptés sur JetPunk - Statistiques

Statistiques générales
  • Ce quiz a été pris 1 226 fois
  • Le résultat moyen est 6 sur 9
Statistiques - réponses
Sigles Pays % Correct
USA Etats-Unis
98%
RDC République démocratique du Congo
97%
NZ Nouvelle-Zélande
94%
EAU Émirats arabes unis
88%
RFA / BRD Allemagne
59%
RCA République Centrafricaine
58%
PNG Papouasie-Nouvelle-Guinée
55%
SVG Saint-Vincent-et-les-Grenadines
21%
ARYM Macédoine du Nord
16%
Aucun quiz correspondant
Distribution des résultats
% des personnes avec chaque résultat
Percentile par nombre de réponses
Votre historique - résultats
Vous n’avez pas pris ce quiz